Advances in palynology (Record no. 20717)
[ view plain ]
| 000 -LEADER | |
|---|---|
| fixed length control field | 00375nam a2200145Ia 4500 |
| 082 ## - DEWEY DECIMAL CLASSIFICATION NUMBER | |
| Classification number | 581.331.2 |
| Item number | NAI |
| 100 ## - MAIN ENTRY--AUTHOR NAME | |
| Personal name | NAIR, P K K |
| 245 #0 - TITLE STATEMENT | |
| Title | Advances in palynology |
| 260 ## - PUBLICATION, DISTRIBUTION, ETC. (IMPRINT) | |
| Place of publication | Lucknow |
| Name of publisher | National Botanic Gardens |
| Year of publication | 1964 |
| 650 ## - SUBJECT ADDED ENTRY--TOPICAL TERM | |
| Topical Term | Palynology |
| 650 ## - SUBJECT ADDED ENTRY--TOPICAL TERM | |
| Topical Term | Pollen physiology |
| 650 ## - SUBJECT ADDED ENTRY--TOPICAL TERM | |
| Topical Term | Pollen sterility |
| 942 ## - ADDED ENTRY ELEMENTS (KOHA) | |
| Koha item type | Books |
| Withdrawn status | Lost status | Damaged status | Not for loan | Home library | Current library | Date acquired | Source of acquisition | Full call number | Accession Number | Koha item type |
|---|---|---|---|---|---|---|---|---|---|---|
| Write off | RRII Library | RRII Library | 16/12/2021 | Auction | 581.331.2 NAI | 01440 | Books |